00858 a2200181 4500003000500000005001700005022001500022040000900037082001100046100002000057245006800077260002400145300001000169490001600179505046000195650001000655651001100665Nust20170207154012.0 a0595137636 cNust a005.43 aWirzenius, Lars aThe Linux System Administrators' Guide (E-BOOK)bLars Wirzenius aIuniverse Incc2000 a109 p aVersion 0.7 aChapter 1. Introduction 2 Chapter 2. About This Book 4 Chapter 3. Overview of a Linux System 6 Chapter 4. Overview of the Directory Tree 12 Chapter 5. Device Files 22 Chapter 6. Using Disks and Other Storage Media. 26 Chapter 7. Memory Management.51 Chapter 8. Boots And Shutdowns 57 Chapter 9. init.62 Chapter 10. Logging In And Out 66 Chapter 11. Managing user accounts. 71 Chapter 12. Backups. 76 Chapter 13. Keeping Time.83 Chapter 14. Finding Help 86 aLinux aE-BOOK